| 000 | 00538nam a22001937a 4500 | ||
|---|---|---|---|
| 003 | OSt | ||
| 005 | 20140310181734.0 | ||
| 008 | 130319t xxu||||| |||| 00| 0 eng d | ||
| 050 |
_aBF 121 _b.K33 1971 |
||
| 082 |
_aTR 150 _bK33 1971 |
||
| 245 |
_aStudy guide for Kendler's basic psychology/ _cTracy S. Kendler. |
||
| 260 |
_aNew York : _bAppleton- Century- Crofts, _c1971. |
||
| 300 |
_a305 p. : _c25 cm. |
||
| 520 | _a1. Psychology--study guide | ||
| 521 | _aFaculty | ||
| 541 | _j1 | ||
| 562 | _e1 | ||
| 942 |
_2lcc _cBK-TR _kTR |
||
| 999 |
_c2522 _d2522 |
||